[Event "POL-ch U17 Girls Qual"]
[Site "Jastrzebia Gora"]
[Date "2021.11.21"]
[Round "9"]
[White "Kulpa, Karolina"]
[Black "Miarecka, Natalia"]
[Result "1-0"]
[WhiteElo "1388"]
[BlackElo "1308"]
[PlyCount "131"]
[EventDate "2021.11.15"]
[EventType "swiss"]
[EventRounds "9"]
[EventCountry "POL"]
[SourceTitle "EXT 2023"]
[Source "ChessBase"]
[SourceDate "2022.10.05"]
[SourceVersion "1"]
[SourceVersionDate "2022.10.05"]
[SourceQuality "1"]

1. e4 e5 2. Nf3 Nf6 3. Nxe5 d6 4. Nf3 Nxe4 5. Nc3 Nxc3 6. dxc3 Be7 7. Bf4 Be6 8. Qd2 Nc6 9. 0-0-0 Qd7 10. Ng5 Bg4 11. f3 Bh5 12. Bc4 h6 13. Ne4 0-0-0 14. Qd5 g5 15. Be3 f5 16. Nd2 Rhf8 17. Qe6 Qxe6 18. Bxe6+ Kb8 19. g4 Bg6 20. h4 f4 21. Bf2 d5 22. Nb3 Bf7 23. Rde1 Bxe6 24. Rxe6 Bf6 25. Rhe1 gxh4 26. Rxf6 Rxf6 27. Bxh4 Rff8 28. Bxd8 Rxd8 29. Re6 Rd6 30. Re8+ Rd8 31. Rxd8+ Nxd8 32. Nd4 c6 33. Kd2 Kc7 34. Kd3 c5 35. Nf5 Nf7 36. b3 Kd7 37. c4 dxc4+ 38. Ke4 cxb3 39. cxb3 Ke6 40. Kxf4 Kd5 41. Nh4 Ke6 42. Nf5 b5 43. Ke4 Ng5+ 44. Ke3 Nf7 45. f4 Kd5 46. Ne7+ Ke6 47. Nc6 Kd5 48. Nxa7 Nd6 49. g5 h5 50. Kf3 b4 51. g6 Nf5 52. Nc8 Kd4 53. Nb6 Nh4+ 54. Kg3 Nxg6 55. f5 Ne7 56. f6 Ng6 57. Nd7 Kc3 58. Nxc5 Kb2 59. Nd3+ Kc3 60. Nf4 h4+ 61. Kg4 Nf8 62. Nd5+ Kd4 63. Nxb4 Ng6 64. Nc6+ Kd5 65. Ne7+ Nxe7 66. fxe7 1-0

[Event "POL-ch U17 Girls Qual"]
[Site "Jastrzebia Gora"]
[Date "2021.11.20"]
[Round "8"]
[White "Miarecka, Natalia"]
[Black "Rodzik, Malgorzata"]
[Result "1/2-1/2"]
[WhiteElo "1308"]
[BlackElo "1198"]
[PlyCount "73"]
[EventDate "2021.11.15"]
[EventType "swiss"]
[EventRounds "9"]
[EventCountry "POL"]
[SourceTitle "EXT 2023"]
[Source "ChessBase"]
[SourceDate "2022.10.05"]
[SourceVersion "1"]
[SourceVersionDate "2022.10.05"]
[SourceQuality "1"]

1. e4 c5 2. Nf3 d6 3. c3 Nf6 4. h3 Nbd7 5. Bd3 e6 6. Bc2 Be7 7. d4 cxd4 8. cxd4 0-0 9. 0-0 b5 10. a3 Bb7 11. Nc3 a6 12. Re1 Nb6 13. Bf4 Rc8 14. Qd3 g6 15. Nd2 Qc7 16. Rac1 Nh5 17. Bh2 Bg5 18. Bb1 Qe7 19. Rcd1 e5 20. Nf3 Bf4 21. dxe5 Bxh2+ 22. Kxh2 dxe5 23. Qd6 Qxd6 24. Rxd6 Nc4 25. Rd7 Ba8 26. Re2 Rfd8 27. Rxd8+ Rxd8 28. Ba2 Nf4 29. Rc2 Nd3 30. Bxc4 bxc4 31. Rd2 Rb8 32. b4 f6 33. Ng1 Bc6 34. f3 Kf7 35. Rc2 Ne1 36. Rd2 Nd3 37. Rc2 1/2-1/2

[Event "POL-ch U17 Girls Qual"]
[Site "Jastrzebia Gora"]
[Date "2021.11.19"]
[Round "7"]
[White "Pieczewska, Gabriela"]
[Black "Miarecka, Natalia"]
[Result "1/2-1/2"]
[WhiteElo "1199"]
[BlackElo "1308"]
[PlyCount "63"]
[EventDate "2021.11.15"]
[EventType "swiss"]
[EventRounds "9"]
[EventCountry "POL"]
[SourceTitle "EXT 2023"]
[Source "ChessBase"]
[SourceDate "2022.10.05"]
[SourceVersion "1"]
[SourceVersionDate "2022.10.05"]
[SourceQuality "1"]

1. c4 e5 2. Nc3 Nf6 3. g3 d5 4. cxd5 Nxd5 5. Bg2 Nb6 6. e3 Nc6 7. Nge2 Be7 8. 0-0 0-0 9. b3 Be6 10. Bb2 f5 11. d4 e4 12. Nf4 Bf7 13. h4 Bf6 14. Rb1 Ne7 15. f3 Ned5 16. Nfxd5 Nxd5 17. Nxd5 Bxd5 18. fxe4 Bxe4 19. Bxe4 fxe4 20. Qg4 Qd6 21. Rf4 Rae8 22. Rbf1 Qe6 23. Qxe6+ Rxe6 24. d5 Ra6 25. Bxf6 Raxf6 26. Rxf6 Rxf6 27. Rf4 Rd6 28. Rxe4 Rxd5 29. Re7 Rc5 30. Kf2 Kf8 31. Rd7 b6 32. Kf3 1/2-1/2

[Event "POL-ch U17 Girls Qual"]
[Site "Jastrzebia Gora"]
[Date "2021.11.18"]
[Round "5"]
[White "Wronska, Malgorzata"]
[Black "Miarecka, Natalia"]
[Result "1/2-1/2"]
[WhiteElo "1001"]
[BlackElo "1308"]
[PlyCount "96"]
[EventDate "2021.11.15"]
[EventType "swiss"]
[EventRounds "9"]
[EventCountry "POL"]
[SourceTitle "EXT 2023"]
[Source "ChessBase"]
[SourceDate "2022.10.05"]
[SourceVersion "1"]
[SourceVersionDate "2022.10.05"]
[SourceQuality "1"]

1. d4 d5 2. c4 e6 3. Nc3 Nf6 4. e3 Be7 5. Nf3 0-0 6. b3 Nbd7 7. Bd3 b6 8. cxd5 Nxd5 9. Nxd5 exd5 10. Bb2 Bb4+ 11. Nd2 Qg5 12. g3 Nf6 13. a3 Bd6 14. f4 Qg4 15. Qxg4 Nxg4 16. e4 dxe4 17. Bxe4 Re8 18. 0-0 Rb8 19. Rfe1 Ba6 20. Bc6 Red8 21. Rad1 Bb7 22. Bxb7 Rxb7 23. Re2 c5 24. d5 Re7 25. Rxe7 Bxe7 26. Nc4 b5 27. Na5 Ne3 28. Rd3 Nf5 29. Nc6 Rd7 30. g4 Nd6 31. Nxe7+ Rxe7 32. Be5 Nb7 33. d6 Rd7 34. f5 f6 35. Bg3 Kf7 36. Rd5 Rd8 37. d7 Ke7 38. Bf2 Rxd7 39. Bxc5+ Nxc5 40. Rxc5 Rb7 41. Rd5 a6 42. Rd3 Rd7 43. Re3+ Kd8 44. Kg2 Kc7 45. Kg3 g5 46. h4 h6 47. hxg5 hxg5 48. Kf3 Rd4 1/2-1/2

[Event "POL-ch U17 Girls Qual"]
[Site "Jastrzebia Gora"]
[Date "2021.11.16"]
[Round "3"]
[White "Miarecka, Natalia"]
[Black "Bychowska, Marta"]
[Result "0-1"]
[WhiteElo "1308"]
[BlackElo "1328"]
[PlyCount "42"]
[EventDate "2021.11.15"]
[EventType "swiss"]
[EventRounds "9"]
[EventCountry "POL"]
[SourceTitle "EXT 2023"]
[Source "ChessBase"]
[SourceDate "2022.10.05"]
[SourceVersion "1"]
[SourceVersionDate "2022.10.05"]
[SourceQuality "1"]

1. e4 e5 2. Nf3 Nc6 3. Nc3 Nf6 4. Bb5 d6 5. d4 exd4 6. Nxd4 Bd7 7. Bxc6 bxc6 8. Bg5 Be7 9. 0-0 0-0 10. Re1 Re8 11. f4 h6 12. Bh4 Qb8 13. Rb1 Qb6 14. Kh1 Nxe4 15. Nxe4 Bxh4 16. Re3 Bf2 17. Rb3 Qxd4 18. Nxf2 Qxf2 19. Rf3 Qe2 20. Qc1 Bf5 21. Kg1 Qxc2 0-1

[Event "POL-chT U20 2nd League"]
[Site "Sypniewo"]
[Date "2020.??.??"]
[Round "3.53"]
[White "Labedz, Gabriela"]
[Black "Miarecka, Natalia"]
[Result "1-0"]
[WhiteElo "1240"]
[BlackElo "1289"]
[PlyCount "55"]
[EventDate "2020.10.23"]
[EventType "team-swiss"]
[EventRounds "9"]
[EventCountry "POL"]
[SourceTitle "CBM 199 Extra"]
[Source "ChessBase"]
[SourceDate "2021.01.31"]
[SourceVersion "1"]
[SourceVersionDate "2021.01.31"]
[SourceQuality "1"]

1. e4 e5 2. Nf3 Nc6 3. d4 exd4 4. Bc4 Nf6 5. e5 d5 6. Bb5 Nd7 7. 0-0 Be7 8. Re1 0-0 9. Bxc6 bxc6 10. Nxd4 c5 11. Nc6 Qe8 12. Nxe7+ Qxe7 13. Qxd5 Rb8 14. f4 Bb7 15. Qd3 f6 16. e6 Nb6 17. Nc3 f5 18. Re5 g6 19. Be3 c4 20. Qe2 Ba6 21. Bc5 Qd8 22. e7 Qd7 23. exf8Q+ Rxf8 24. Bxf8 Kxf8 25. Rd1 Qc8 26. Re7 h6 27. Qe5 Qd7 28. Qg7# 1-0

[Event "POL-chT U20 2nd League"]
[Site "Sypniewo"]
[Date "2020.??.??"]
[Round "2.29"]
[White "Miarecka, Natalia"]
[Black "Lach, Alicja"]
[Result "1-0"]
[WhiteElo "1289"]
[BlackElo "1161"]
[PlyCount "119"]
[EventDate "2020.10.23"]
[EventType "team-swiss"]
[EventRounds "9"]
[EventCountry "POL"]
[SourceTitle "CBM 199 Extra"]
[Source "ChessBase"]
[SourceDate "2021.01.31"]
[SourceVersion "1"]
[SourceVersionDate "2021.01.31"]
[SourceQuality "1"]

1. e4 c5 2. Nf3 Nc6 3. c3 d5 4. exd5 Qxd5 5. d4 Bg4 6. Be2 Nf6 7. Be3 cxd4 8. cxd4 e6 9. Nc3 Qd7 10. Ne5 Bxe2 11. Nxd7 Bxd1 12. Nxf6+ gxf6 13. Rxd1 f5 14. Ke2 Bg7 15. d5 Ne5 16. Nb5 Rd8 17. dxe6 fxe6 18. Rxd8+ Kxd8 19. Rd1+ Ke7 20. Bxa7 Rc8 21. Bd4 Bf6 22. f4 Ng6 23. Bxf6+ Kxf6 24. g3 Ra8 25. a3 Ra6 26. Rd7 Rb6 27. a4 Ra6 28. b3 Rc6 29. Kd2 Ne7 30. Rxb7 h5 31. a5 Nd5 32. Nd4 Rd6 33. b4 Nxf4 34. gxf4 Rxd4+ 35. Kc3 Rxf4 36. a6 Rf1 37. a7 Ra1 38. b5 f4 39. b6 f3 40. Rb8 Ke7 41. a8Q Rxa8 42. Rxa8 f2 43. Ra1 Kd6 44. Rb1 Kc6 45. Kd4 f1Q 46. Rxf1 Kxb6 47. Rf6 Kb5 48. Rxe6 h4 49. Rh6 h3 50. Rxh3 Kc6 51. Rg3 Kd6 52. h4 Ke6 53. h5 Kf6 54. h6 Ke6 55. h7 Kf6 56. h8Q+ Ke6 57. Qe5+ Kd7 58. Qf6 Kc7 59. Rg7+ Kc8 60. Qf8# 1-0

[Event "POL-chT U20 2nd League"]
[Site "Sypniewo"]
[Date "2020.??.??"]
[Round "6.59"]
[White "Miarecka, Natalia"]
[Black "Zybrant, Sandra"]
[Result "1-0"]
[WhiteElo "1289"]
[BlackElo "1084"]
[PlyCount "29"]
[EventDate "2020.10.23"]
[EventType "team-swiss"]
[EventRounds "9"]
[EventCountry "POL"]
[SourceTitle "CBM 199 Extra"]
[Source "ChessBase"]
[SourceDate "2021.01.31"]
[SourceVersion "1"]
[SourceVersionDate "2021.01.31"]
[SourceQuality "1"]

1. e4 d6 2. d4 Nf6 3. Nc3 g6 4. Nf3 Bg7 5. Bc4 e5 6. dxe5 dxe5 7. Qxd8+ Kxd8 8. Nxe5 Ke7 9. Nxf7 Re8 10. Bf4 Kf8 11. f3 Re7 12. 0-0-0 Nbd7 13. Bxc7 Rxf7 14. Bxf7 Kxf7 15. Rhe1 1-0

[Event "POL-chT3 Dolnoslaskie 1718"]
[Site "Poland"]
[Date "2018.02.18"]
[Round "8.10"]
[White "Pawicka, Magdalena"]
[Black "Miarecka, Natalia"]
[Result "1-0"]
[WhiteElo "1768"]
[BlackElo "1002"]
[PlyCount "105"]
[EventDate "2017.10.08"]
[EventType "team-tourn"]
[EventRounds "11"]
[EventCountry "POL"]
[SourceTitle "EXT 2019"]
[Source "ChessBase"]
[SourceDate "2018.10.10"]
[SourceVersion "1"]
[SourceVersionDate "2018.10.10"]
[SourceQuality "1"]

1. e4 e5 2. Nf3 Nc6 3. d4 exd4 4. Nxd4 Nf6 5. Nc3 Bc5 6. Be3 Bb6 7. Be2 0-0 8. 0-0 d5 9. Nxd5 Nxd5 10. exd5 Qxd5 11. Bf3 Qd6 12. Nxc6 bxc6 13. Qxd6 cxd6 14. Bxc6 Rb8 15. Bf4 Bc7 16. b3 Bf5 17. c4 h6 18. Rad1 Rfd8 19. c5 Rbc8 20. Bb7 Rb8 21. Bf3 Rbc8 22. cxd6 Bb6 23. Rc1 Bc5 24. Bb7 Ba3 25. Rxc8 Bxc8 26. Bxc8 Rxc8 27. d7 Rd8 28. Rd1 Be7 29. Bc7 Rf8 30. d8Q Bxd8 31. Rxd8 f6 32. Rxf8+ Kxf8 33. Kf1 Ke7 34. Ke2 Kd7 35. Bf4 g5 36. Bg3 f5 37. f4 g4 38. Kd3 Kc6 39. Kd4 Kd6 40. Be1 Ke6 41. Kc5 h5 42. Kc6 a6 43. b4 Ke7 44. Kc7 Ke6 45. a4 Kd5 46. b5 axb5 47. axb5 Ke4 48. b6 Kxf4 49. b7 Ke3 50. b8Q Ke2 51. Bg3 Kf1 52. Qb2 f4 53. Qf2# 1-0

[Event "POL-chT3 Dolnoslaskie 1718"]
[Site "Poland"]
[Date "2017.12.10"]
[Round "5.28"]
[White "Lascar, Radoslawa"]
[Black "Miarecka, Natalia"]
[Result "1-0"]
[WhiteElo "1754"]
[BlackElo "1002"]
[PlyCount "65"]
[EventDate "2017.10.08"]
[EventType "team-tourn"]
[EventRounds "11"]
[EventCountry "POL"]
[SourceTitle "EXT 2019"]
[Source "ChessBase"]
[SourceDate "2018.10.10"]
[SourceVersion "1"]
[SourceVersionDate "2018.10.10"]
[SourceQuality "1"]

1. e4 e5 2. Nf3 Nc6 3. Bc4 Nf6 4. d3 d5 5. exd5 Nxd5 6. 0-0 Bg4 7. h3 Bh5 8. c3 Nf6 9. Nbd2 Bc5 10. b4 Bb6 11. a4 a6 12. Ba3 0-0 13. b5 Ne7 14. Qb3 Bxf3 15. Nxf3 Nfd5 16. Bxd5 Qxd5 17. Qxd5 Nxd5 18. Bxf8 Rxf8 19. a5 Ba7 20. bxa6 bxa6 21. Ra3 f6 22. Rb3 Rc8 23. Rfb1 c5 24. Nd2 Nf4 25. Nc4 Nxd3 26. Rb7 Ra8 27. Rd7 Nf4 28. Rbb7 Ne2+ 29. Kf1 Nxc3 30. Rxg7+ Kf8 31. Rbf7+ Ke8 32. Nd6+ Kd8 33. Rg8# 1-0